000 00492nmm a2200181Ia 4500
008 251105s9999||||xx |||||||||||||||||und||
041 _aspa
100 _aCappa, Ángel
245 0 _aFútbol y política
264 _a[Madrid, España] :
_bAkal,
_c2022
300 _a208 páginas
490 _aInvestigación
650 _aTravel & Sports
700 _aCappa, Ángel
700 1 _a Roitman Rosenmann, Marcos
856 _uhttps://public.digitaliapublishing.com/a/113663
942 _cCF
999 _c63500
_d63500